| 000 | 00947nam a2200253Ia 4500 | ||
|---|---|---|---|
| 003 | GCL | ||
| 008 | 140319s9999 xx 000 0 ara d | ||
| 020 | _a2621208977 | ||
| 040 |
_aGCL / _cGCL |
||
| 082 | 0 | 4 |
_aق _b324.217 _bع ح |
| 100 | 1 | _aعبدالغفار شكر | |
| 245 | 1 | 0 |
_aحوارات اليسار المصرى من اجل نهوض جديد / _cعبدالغفار شكر |
| 260 |
_aالقاهرة : _bمكتبة مدبولى ، _c2006 |
||
| 300 |
_a365 ص ؛ _c24 سم |
||
| 650 | 0 | 4 | _aالمجتمع المصرى |
| 650 | 0 | 4 | _aالانتخابات - مصر |
| 650 | 0 | 4 | _aمصر - الاحوال السياسية |
| 650 | 0 | 4 | _aمصر - الاحزاب السياسية |
| 650 | 0 | 4 | _aرؤساء الجمهوريات - انتخابات |
| 650 | 0 | 4 | _aالانتخابات - اشراف قضائى |
| 650 | 0 | 4 | _aمصر - مجلس الشعب - انتخابات |
| 650 | 0 | 4 | _aالفساد السياسى - مصر |
| 942 |
_2ddc _cBK |
||
| 999 |
_c9505 _d9505 |
||